000 00535nam a22001937a 4500
001 3012
003 BD-DhBUF
005 20260225100958.0
008 260225b bg ||||| |||| 00| 0 ben d
020 _a0939246481
040 _aBD-DhBUF
_cBD-DhBUF
100 _aTobin, Daniel R.
_94346
245 _aRe-educating the corporation :
_bfoundations for the learning organization /
_c Daniel R. Tobin
260 _aUSA :
_bOmneo,
_cC 1993.
300 _axxviii, 289p. :
_c23cm. ;
526 _aBBA
650 _aManagement
942 _2ddc
_cBK
999 _c3012
_d3012